| 000 | 00471nam a22001817a 4500 | ||
|---|---|---|---|
| 005 | 20250402160505.0 | ||
| 008 | 250402b |||||||| |||| 00| 0 eng d | ||
| 020 | _a9781447362722 | ||
| 041 | _aeng | ||
| 082 | _a 361.3 EDW | ||
| 100 | _aEdwards, Deanna | ||
| 245 | _aApplying Strengths-Based Approaches in Social Work | ||
| 260 |
_aUk _bPolicy Press _c2023 |
||
| 300 | _a180;. pages: 24 cm | ||
| 650 | _aSocial service | ||
| 700 | _aParkinson, Kate | ||
| 942 | _cBK | ||
| 999 |
_c43522 _d43522 |
||